[Event "ROM-chT"]
[Site "Sovata"]
[Date "2018.12.02"]
[Round "9.2"]
[White "Iordachescu, Sorin Emanuel"]
[Black "Toma, Radu Cristian"]
[Result "0-1"]
[WhiteElo "1750"]
[BlackElo "2354"]
[PlyCount "64"]
[EventDate "2018.11.24"]
[EventType "team-tourn"]
[EventRounds "9"]
[EventCountry "ROU"]
[SourceTitle "CBM 187 Extra"]
[Source "ChessBase"]
[SourceDate "2018.11.04"]
[SourceVersion "1"]
[SourceVersionDate "2018.11.04"]
[SourceQuality "1"]
[WhiteTeam "Buzau Phoenix"]
[BlackTeam "Timisoara Medicina"]
[WhiteTeamCountry "ROU"]
[BlackTeamCountry "ROU"]

1. d4 Nf6 2. c4 e6 3. Nf3 b6 4. g3 Bb4+ 5. Bd2 Be7 6. Bg2 c6 7. Nc3 d5 8. cxd5 cxd5 9. Ne5 0-0 10. 0-0 Bb7 11. Rc1 Nfd7 12. f4 Nxe5 13. fxe5 Nc6 14. e3 Na5 15. Qe2 Qd7 16. Rfd1 f6 17. exf6 Bxf6 18. Qg4 Nc4 19. b3 Nb2 20. Rf1 Nd3 21. Rb1 a5 22. Ne2 Rac8 23. Nc3 Qe8 24. a4 Ba6 25. Rfd1 Nf2 26. Kxf2 h5 27. Qh3 Bxd4+ 28. Kg1 Bxc3 29. Bc1 Be2 30. Ba3 Bg4 31. Bxf8 Bxh3 32. Bxh3 Kxf8 0-1

[Event "ROM-chT2"]
[Site "Mamaia"]
[Date "2015.10.06"]
[Round "4.6"]
[White "Iordachescu, Sorin Emanuel"]
[Black "Ursan, Petru Sebastian"]
[Result "0-1"]
[WhiteElo "1871"]
[BlackElo "1935"]
[PlyCount "76"]
[EventDate "2015.10.03"]
[EventType "team-tourn"]
[EventRounds "9"]
[EventCountry "ROU"]
[SourceTitle "CBM 169 Extra"]
[Source "ChessBase"]
[SourceDate "2015.12.18"]
[SourceVersion "1"]
[SourceVersionDate "2015.12.18"]
[SourceQuality "1"]
[WhiteTeam "Buzau Pheonix"]
[BlackTeam "Timisoara Sinandrei"]
[WhiteTeamCountry "ROU"]
[BlackTeamCountry "ROU"]

1. d4 d6 2. c4 e5 3. dxe5 dxe5 4. Qxd8+ Kxd8 5. Nc3 c6 6. Nf3 f6 7. Bd2 Be6 8. e3 Nd7 9. Rd1 Kc7 10. Be2 Be7 11. 0-0 g5 12. Ne1 f5 13. Nc2 Ngf6 14. b3 Rhg8 15. Na4 Ne4 16. Bb4 Bxb4 17. Nxb4 Nb6 18. Nxb6 axb6 19. Rd3 c5 20. Nd5+ Bxd5 21. Rxd5 Nc3 22. Rd2 Rgd8 23. Rc2 Rxa2 24. Rxa2 Nxa2 25. Bh5 b5 26. Bf7 Nc3 27. g3 bxc4 28. bxc4 Rf8 29. Bh5 Ne4 30. Be2 Rd8 31. f3 Nc3 32. Kf2 Rd2 33. Re1 Rxe2+ 34. Rxe2 Nxe2 35. Kxe2 Kc6 36. e4 f4 37. gxf4 gxf4 38. Kd3 b5 0-1

[Event "ROM-chT2"]
[Site "Mamaia"]
[Date "2015.10.05"]
[Round "3.6"]
[White "Palamar, Theodor"]
[Black "Iordachescu, Sorin Emanuel"]
[Result "1-0"]
[WhiteElo "1777"]
[BlackElo "1871"]
[PlyCount "143"]
[EventDate "2015.10.03"]
[EventType "team-tourn"]
[EventRounds "9"]
[EventCountry "ROU"]
[SourceTitle "CBM 169 Extra"]
[Source "ChessBase"]
[SourceDate "2015.12.18"]
[SourceVersion "1"]
[SourceVersionDate "2015.12.18"]
[SourceQuality "1"]
[WhiteTeam "Otopeni"]
[BlackTeam "Buzau Pheonix"]
[WhiteTeamCountry "ROU"]
[BlackTeamCountry "ROU"]

1. e4 e6 2. d4 d5 3. Nc3 Nf6 4. e5 Nfd7 5. f4 c5 6. Be3 Nc6 7. Nf3 Qb6 8. Qd2 Be7 9. Be2 0-0 10. Na4 Qb4 11. Qxb4 Nxb4 12. Kd2 c4 13. Nc3 a6 14. a4 Nc6 15. Nd1 Bb4+ 16. c3 Be7 17. Nf2 Na5 18. Bd1 Nb6 19. Ke2 Bd7 20. Nd2 Rab8 21. Bc2 Na8 22. b4 cxb3 23. Nxb3 Nxb3 24. Bxb3 Rfc8 25. Rhc1 Nb6 26. Nd1 Nc4 27. Bxc4 Rxc4 28. Nb2 Rc7 29. Nd3 b6 30. a5 Bb5 31. axb6 Rxb6 32. Kd2 Bxd3 33. Kxd3 g6 34. Rc2 Kf8 35. Rca2 Rcc6 36. Bc1 Ke8 37. Rb2 Rxb2 38. Bxb2 Kd7 39. Ba3 Bxa3 40. Rxa3 Kc7 41. g4 Kb6 42. Rb3+ Ka7 43. Ra3 Rc7 44. Ra2 Rb7 45. f5 g5 46. Kc2 Rb5 47. Ra1 a5 48. Ra4 Ka6 49. c4 dxc4 50. Rxc4 Kb7 51. Ra4 Kc6 52. Rc4+ Kd7 53. f6 Rb6 54. Ra4 Ra6 55. Kd3 Ra7 56. Kc3 Kc6 57. Kb3 Kd5 58. Kc3 Kc6 59. Kc4 Ra6 60. Kb3 Kb5 61. Ra1 a4+ 62. Ka3 Ra7 63. Rc1 Rd7 64. Rc5+ Kb6 65. Rc4 Ra7 66. Rxa4 Rxa4+ 67. Kxa4 Kc6 68. Kb4 Kd5 69. Kc3 Ke4 70. Kc4 Kf4 71. Kc5 Ke4 72. Kd6 1-0